Desarrollo sustentable : (Registro nro. 67184)
[ vista simple ]
| 000 -LEADER | |
|---|---|
| fixed length control field | 01539cam a2200325 i 4500 |
| 001 - CONTROL NUMBER | |
| control field | 67184 |
| 003 - CONTROL NUMBER IDENTIFIER | |
| control field | Mx-PuUPA |
| 005 - DATE AND TIME OF LATEST TRANSACTION | |
| control field | 20240206103024.0 |
| 008 - FIXED-LENGTH DATA ELEMENTS--GENERAL INFORMATION | |
| fixed length control field | 170419s2013 mx ad gr 000 0 spa d |
| 020 ## - INTERNATIONAL STANDARD BOOK NUMBER | |
| International Standard Book Number | 9786074386608 |
| 040 ## - CATALOGING SOURCE | |
| Description conventions | rda |
| Original cataloging agency | Mx-PuUPA |
| Language of cataloging | spa |
| Transcribing agency | Mx-PuUPA |
| Modifying agency | Mx-PuUPA |
| 041 0# - LANGUAGE CODE | |
| Language code of text/sound track or separate title | spa |
| 100 1# - MAIN ENTRY--PERSONAL NAME | |
| Personal name | Estrella Suarez, María Verónica, |
| Relator term | autor |
| 9 (RLIN) | 4240 |
| 245 10 - TITLE STATEMENT | |
| Title | Desarrollo sustentable : |
| Remainder of title | un nuevo mañana / |
| Statement of responsibility, etc. | María Verónica Estrella Suárez, Arturo González Vázquez |
| 250 ## - EDITION STATEMENT | |
| Edition statement | Primera edición |
| 264 #1 - PRODUCTION, PUBLICATION, DISTRIBUTION, MANUFACTURE, AND COPYRIGHT NOTICE | |
| Place of production, publication, distribution, manufacture | México, D.F. : |
| Name of producer, publisher, distributor, manufacturer | Grupo Editorial Patria, |
| Date of production, publication, distribution, manufacture, or copyright notice | ©2013 |
| 300 ## - PHYSICAL DESCRIPTION | |
| Extent | xii, 208 páginas : |
| Other physical details | ilustraciones, gráficas, diagramas, tablas ; |
| Dimensions | 27 cm + |
| Accompanying material | 1 disco de computadora (4 3/4 pulg.) |
| 336 ## - CONTENT TYPE | |
| Content type term | texto |
| Fuente | rdacontent |
| Content type code | txt |
| 337 ## - MEDIA TYPE | |
| Media type term | sin medio |
| Source | rdamedia |
| Media type code | n |
| 337 ## - MEDIA TYPE | |
| Media type term | computadora |
| Source | rdamedia |
| Media type code | c |
| 338 ## - CARRIER TYPE | |
| Carrier type term | volumen |
| Source | rdacarrier |
| Carrier type code | nc |
| 338 ## - CARRIER TYPE | |
| Carrier type term | disco compacto |
| Source | rdacarrier |
| Carrier type code | cd |
| 538 ## - SYSTEM DETAILS NOTE | |
| Display text | Requerimientos del sistema: |
| System details note | sistema operativo: windows XP/Vista/7/8, Mac OSX 10.4 o superior; Procesador: Intel Core2 Duo o superior, memoria RAM de al menos 1GB., CD-ROM y tarjeta de video capaz de desplegar miles de colores, resolución mínima de 1024 x 768 pix., Adobe Acrobat Reader 6.0 o superior, Flash Player 10.0 o superior. |
| 650 #7 - SUBJECT ADDED ENTRY--TOPICAL TERM | |
| Topical term or geographic name entry element | Desarrollo sostenible |
| Geographic subdivision | México |
| Source of heading or term | armarc |
| 650 #7 - SUBJECT ADDED ENTRY--TOPICAL TERM | |
| Topical term or geographic name entry element | Política medio ambiental |
| Geographic subdivision | México |
| Source of heading or term | armarc |
| 700 1# - ADDED ENTRY--PERSONAL NAME | |
| Personal name | González Vázquez, Arturo, |
| Relator term | autor |
| 942 ## - ADDED ENTRY ELEMENTS (KOHA) | |
| Source of classification or shelving scheme | Dewey Decimal Classification |
| Koha item type | Libro |
| Classification part | 333.715 |
| Item part | E795 |
| Withdrawn status | Lost status | Source of classification or shelving scheme | Damaged status | Not for loan | Collection code | Home library | Current library | Shelving location | Date acquired | Source of acquisition | Total Checkouts | Full call number | Barcode | Checked out | Date last seen | Date last checked out | Price effective from | Koha item type |
|---|---|---|---|---|---|---|---|---|---|---|---|---|---|---|---|---|---|---|
| Dewey Decimal Classification | Magisterial | Biblioteca Karol Wojtyla | Biblioteca Karol Wojtyla | Módulo de circulación | 19/04/2017 | Compra | 1 | 333.715 EST 2013 | 97474 | 08/05/2017 | 08/05/2017 | 08/05/2017 | 14/06/2017 | Magisterial | ||||
| Dewey Decimal Classification | Audiovisual | Biblioteca Karol Wojtyla | Biblioteca Karol Wojtyla | Módulo de circulación | 02/05/2017 | Compra | 333.715 EST 2013 | 700012 | 20/06/2018 | Cd-Rom | ||||||||
| Dewey Decimal Classification | General | Tehuacán | Tehuacán | Sala general | 06/02/2024 | 333.715 E795 2013 | 968000002106 | 08/01/2025 | 06/02/2024 | Libro |